000 01312cam a2200265 i 4500
003 SA-RiAUC
005 20250616084147.0
008 250616q19001999ua g 00000 ara c
040 _aSA-RiAUC
_bara
_cSA-RiAUC
_erda
082 0 4 _a232
_qSA-RiAUC
090 _a232
_b ا ب ن ق
100 1 _aابن القيسراني، محمد بن طاهر بن علي،
_d448-507 هجري
_eمؤلف.
245 1 0 _aشروط الأئمة الستة /
_cلأبي الفضل محمد بن طاهر بن علي المقدسى. ويليه شروط الأئمة الخمسة / لأبي بكر محمد بن موسى الحازمي ؛ علق عليها محمد زاهد الكوثري.
264 1 _aالقاهرة :
_bمكتبة عاطف،
_c[بين 1900 و1999]
300 _a88 صفحة ؛
_c20 سم
336 _aنص
_btxt
_2rdacontent
_3كتاب
337 _aبدون وسيط
_bn
_2rdamedia
338 _aمجلد
_bnc
_2rdacarrier
650 7 _aالحديث
_xشرح
_2aucsh
700 1 2 _aالحازمي، محمد بن موسى بن عثمان،
_d548-584 هجري.
_tشروط الأئمة الخمسة.
700 1 _aالكوثري، محمد زاهد بن الحسن،
_d1879-1952
_eمعلق.
740 0 2 _aشروط الأئمة الخمسة.
942 _2ddc
_cBOOK
_n0
949 _aSA-JeALM
_d250616
_umohamedma123
_n1
999 _c9044
_d9044